000 01010nam0a22002651 4500
001 rc\4012112
005 20260406094454.0
021 _aRU
_b[55-34568]
035 _a(NLR Aleph) 008080427
090 _a9120002
_c9120002
100 _a20130415d1955 u y0rusy50 ca
101 0 _arus
102 _aRU
105 _ay z |||||
200 1 _aПосевам кукурузы - заботливый уход
_fМ-во сельского хозяйства Казах. ССР. Гл. упр. с.-х. пропаганды
210 _aАлма-Ата
_cБ. и.
_d1955
215 _a8 с.
_d20
300 _aПеред загл. авт.: А. Карпов, агр.
606 _aКукуруза
_xУход за посевами
_yКазахская ССР
_2psbo
700 1 _7ca
_8rus
_aКарпов
_bА. В.
_cагроном
_gАлексей Васильевич
_3RU\NLR\AUTH\770286819
_92686588
801 0 _aRU
_bNLR
_gpsbo
801 1 _aRU
_bELAR
_2rusmarc
852 _aNLR
_jС50 Г-4/4856
942 _cBOOK
980 _aNB